| 000 | 00610nam a2200193 i 4500 | ||
|---|---|---|---|
| 001 | 65649 | ||
| 003 | ES-MaACL | ||
| 007 | t| | ||
| 008 | 040120s1982 sp ||||1| spa d | ||
| 100 | 1 |
_aFritzsch, Harald. _952700 |
|
| 245 | 1 | 4 |
_aLos quarks _b: la materia prima de nuestro universo / _cHarald Fritzsch ; versión de J. A. Grifols Gras. |
| 260 |
_a[Madrid] : _bAlianza, _c[1982] |
||
| 300 |
_a278 p. : _bil. ; _c20 cm. |
||
| 490 | 1 | _aAlianza universidad | |
| 700 | 1 |
_aGrifols, Josep Antoni. _960018 |
|
| 830 | 0 |
_aAlianza universidad _9177276 |
|
| 852 |
_aES-MaACL _jL-4170 _bR.104529 |
||
| 999 |
_c65649 _d65649 |
||